000 00958cam a2200289Ia 4500
001 87497
005 20230410115523.0
008 990615s1976 mx 000 0 spa d
035 _a(OCoLC)ocm41544849
040 _aDQ$
_bspa
_cDQ$
_dOCLCQ
035 _a(OCoLC)41544849
043 _an-mx---
050 1 4 _aHD4875.M6
_bC512p 1987
100 1 _aChávez Orozco, Luis,
_d1901-1966.
245 1 0 _aPáginas de historia económica de México /
_cLuis Chávez Orozco.
260 _aMéxico :
_bCentro de estudios históricos del movimiento obrero mexicano,
_c1976.
300 _a83 p. ;
_c17 cm.
490 0 _aCuadernos obreros ;
_v7
504 _aIncluye índice.
650 0 _aPeonage
_zMexico
_xHistory.
650 4 _aColección Rene Villarreal.
650 4 _aCRV.
830 0 _aCuadernos obreros (Mexico. Unidad Coordinadora de Políticas, Estudios y Estadísticas del Trabajo) ;
_v14.
942 _2lcc
_cbk
946 _amfcruz
994 _aC0
_bDRFGD
999 _c42841
_d42841